The Rise and Decline of the Cold War/ (Record no. 13108)
[ view plain ]
| 000 -LEADER | |
|---|---|
| fixed length control field | 00936cam a22002891i 4500 |
| 001 - CONTROL NUMBER | |
| control field | 9885189 |
| 003 - CONTROL NUMBER IDENTIFIER | |
| control field | EG-ScBUE |
| 005 - DATE AND TIME OF LATEST TRANSACTION | |
| control field | 20230713123010.0 |
| 008 - FIXED-LENGTH DATA ELEMENTS--GENERAL INFORMATION | |
| fixed length control field | 720112t1967 nyu f b 001 0 eng d |
| 035 ## - SYSTEM CONTROL NUMBER | |
| System control number | (OCoLC)204197 |
| 040 ## - CATALOGING SOURCE | |
| Original cataloging agency | DLC |
| Language of cataloging | eng |
| Description conventions | rda |
| Transcribing agency | OClU |
| Modifying agency | OCoLC |
| -- | DLC |
| -- | EG-ScBUE |
| 082 04 - DEWEY DECIMAL CLASSIFICATION NUMBER | |
| Classification number | 909.82 |
| Edition number | 22 |
| Item number | SEA |
| 100 1# - MAIN ENTRY--PERSONAL NAME | |
| Personal name | Seabury, Paul, |
| Relator term | author. |
| 9 (RLIN) | 10241 |
| 245 14 - TITLE STATEMENT | |
| Title | The Rise and Decline of the Cold War/ |
| Statement of responsibility, etc | Paul Seabury. |
| 264 #1 - PUBLICATION, DISTRIBUTION, ETC. (IMPRINT) | |
| Place of publication, distribution, etc | New York : |
| Name of publisher, distributor, etc | Basic Books, |
| Date of publication, distribution, etc | [1967] |
| 264 #4 - PUBLICATION, DISTRIBUTION, ETC. (IMPRINT) | |
| Date of publication, distribution, etc | c1967 |
| 300 ## - PHYSICAL DESCRIPTION | |
| Extent | 171 pages ; |
| Dimensions | 22 cm |
| 336 ## - CONTENT TYPE | |
| Source | rdacontent |
| Content type term | text |
| Content type code | txt |
| 337 ## - MEDIA TYPE | |
| Source | rdamedia |
| Media type term | unmediated |
| Media type code | n |
| 338 ## - CARRIER TYPE | |
| Source | rdacarrier |
| Carrier type term | volume |
| Carrier type code | nc |
| 504 ## - BIBLIOGRAPHY, ETC. NOTE | |
| Bibliography, etc | Includes bibliographical references and index.<br/> |
| 650 #7 - SUBJECT ADDED ENTRY--TOPICAL TERM | |
| Topical term or geographic name as entry element | History, Modern |
| Chronological subdivision | 1945-1989. |
| Source of heading or term | BUEsh |
| 9 (RLIN) | 10242 |
| 655 ## - INDEX TERM--GENRE/FORM | |
| Form subdivision | Reading book |
| 710 2# - ADDED ENTRY--CORPORATE NAME | |
| Corporate name or jurisdiction name as entry element | Harvard University. |
| Subordinate unit | Center for International Affairs. |
| 9 (RLIN) | 10243 |
| 942 ## - ADDED ENTRY ELEMENTS (KOHA) | |
| Source of classification or shelving scheme | Dewey Decimal Classification |
| Koha item type | Book - Borrowing |
| Withdrawn status | Lost status | Source of classification or shelving scheme | Damaged status | Not for loan | Collection code | Home library | Current library | Shelving location | Date acquired | Source of acquisition | Total Checkouts | Total Renewals | Full call number | Barcode | Date last seen | Date checked out | Price effective from | Koha item type |
|---|---|---|---|---|---|---|---|---|---|---|---|---|---|---|---|---|---|---|
| Dewey Decimal Classification | Donation-Gift | Central Library | Central Library | Second Floor | 06/01/2010 | Donation | 4 | 15 | 909.82 SEA | 000019430 | 15/07/2025 | 09/10/2016 | 06/01/2010 | Book - Borrowing |